01430nam a22002057a 450000500170000000800410001702000180005804000070007604100120008308200220009510000270011724500730014426000310021730000260024836500600027452008380033465000150117270000180118770000190120520220917125440.0220916b ||||| |||| 00| 0 eng d a9781408717431 cAL aEnglish 223a823.914bROWF aJ K Rowling and others aFantastic Beasts The secrets of Dumbledore : the complete screenplay aLondonbLittle Brownc2022 a269 p.bHBc23x15 cm. aBLCR-000077b₹720.00c₹d₹899.00e20%f01-09-2022 aProfessor Albus Dumbledore knows the powerful Dark wizard Gellert Grindelwald is moving to seize control of the wizarding world. Unable to stop him alone, he entrusts Magizoologist Newt Scamander to lead an intrepid team of wizards, witches, and one brave Muggle baker on a dangerous mission, where they encounter old and new beasts and clash with Grindelwald's growing legion of followers. But with the stakes so high, how long can Dumbledore remain on the sidelines? The official screenplay of Fantastic Beasts: The Secrets of Dumbledore is the ultimate companion to the film, and invites readers to explore every scene of the complete script penned by J.K. Rowling & Steve Kloves. Special features include behind-the-scenes content and commentary from David Yates, David Heyman, Jude Law, Eddie Redmayne, Colleen Atwood and more. aScreenplay aROWLING (J K) aKLOVES (Steve)